| 000 | 00924cam a22002774a 4500 | ||
|---|---|---|---|
| 999 |
_c41540 _d41540 |
||
| 001 | 16722365 | ||
| 003 | OSt | ||
| 005 | 20220922110515.0 | ||
| 008 | 110405s2012 maua 000 0 eng | ||
| 010 | _a 2011010635 | ||
| 020 | _a9780123814791 | ||
| 040 |
_aDLC _cDLC _dDLC |
||
| 042 | _apcc | ||
| 050 | 0 | 0 |
_aQA76.9.D343 _bH36 2012 |
| 082 | 0 | 0 |
_a006.312 _222 _bHAN/D |
| 100 | 1 |
_aHan, Jiawei _99119 |
|
| 245 | 1 | 0 |
_aData mining : _bconcepts and techniques / _cJiawei Han, Micheline Kamber, Jian Pei. |
| 250 | _a3rd ed. | ||
| 260 |
_aBurlington, MA : _bElsevier, _cc2012. |
||
| 300 |
_axxxv, 703 p. : _bill. ; _c25 cm. |
||
| 650 | 0 | _aData mining. | |
| 700 | 1 |
_aKamber, Micheline _99120 |
|
| 906 |
_a7 _bcbc _corignew _d1 _eecip _f20 _gy-gencatlg |
||
| 942 |
_2ddc _cBK _h006.312 _iHAN/D _k006.312 _mHAN/D |
||